Анализ финансовой отчетности. Практикум: учебное пособие для вузов

Dades bibliogràfiques
Autor principal: Адамайтис Л. А. Людмила Афанасьевна
Sumari:Представленные в практикуме знания, аналитические таблицы и комментарии по методикам расчета показателей и оценке финансово-экономических ситуаций предназначены для углубленного изучения анализа финансовой отчетности и овладения практическими навыками проведения такого анализа по данным внешней бухгалтерской отчетности. В работе представлены также элементы внутрифирменного анализа. Практикум предназначен для студентов, обучающихся по специальности «Бухгалтерский учет, анализ и аудит». Он может быть использован для проведения практических занятий студентов по дисциплинам «Анализ финансовой отчетности», «Финансовый анализ», самостоятельной работы студентов, при написании курсовых и дипломных работ. Учебное пособие может быть также полезно при подготовке специалистов в области финансов и кредита, налогов и налогообложения и в системе повышения квалификации профессиональных бухгалтеров.
Idioma:rus
Publicat: Москва, КноРус, 2007
Matèries:
Format: MixedMaterials Llibre
KOHA link:https://koha.lib.tpu.ru/cgi-bin/koha/opac-detail.pl?biblionumber=123995

MARC

LEADER 00000nam0a2200000 4500
001 123995
005 20231031130711.0
010 |a 9785859716913 
035 |a (RuTPU)RU\TPU\book\134196 
090 |a 123995 
100 |a 20071025d2007 m y0rusy50 ca 
101 0 |a rus 
102 |a RU 
105 |a y j 001zy 
200 1 |a Анализ финансовой отчетности. Практикум  |e учебное пособие для вузов  |f Л. А. Адамайтис 
210 |a Москва  |c КноРус  |d 2007 
215 |a 396 с. 
320 |a Библиогр.: с. 394-396. 
330 |a Представленные в практикуме знания, аналитические таблицы и комментарии по методикам расчета показателей и оценке финансово-экономических ситуаций предназначены для углубленного изучения анализа финансовой отчетности и овладения практическими навыками проведения такого анализа по данным внешней бухгалтерской отчетности. В работе представлены также элементы внутрифирменного анализа. Практикум предназначен для студентов, обучающихся по специальности «Бухгалтерский учет, анализ и аудит». Он может быть использован для проведения практических занятий студентов по дисциплинам «Анализ финансовой отчетности», «Финансовый анализ», самостоятельной работы студентов, при написании курсовых и дипломных работ. Учебное пособие может быть также полезно при подготовке специалистов в области финансов и кредита, налогов и налогообложения и в системе повышения квалификации профессиональных бухгалтеров. 
610 1 |a экономика 
610 1 |a финансовая отчетность 
610 1 |a бухгалтерская отчетность 
610 1 |a анализ 
610 1 |a бухгалтерский баланс 
610 1 |a отчеты 
610 1 |a прибыль 
610 1 |a убытки 
610 1 |a капитал 
610 1 |a изменения 
610 1 |a денежные средства 
610 1 |a финансовое состояние 
610 1 |a комплексная оценка 
610 1 |a прогнозирование 
610 1 |a практикумы 
610 1 |a учебные пособия 
675 |a 657.6(076.5)  |v 3 
700 1 |a Адамайтис  |b Л. А.  |g Людмила Афанасьевна 
801 1 |a RU  |b 63413507  |c 20071025  |g PSBO 
801 2 |a RU  |b 63413507  |c 20151216  |g PSBO 
900 |a Финансовая отчетность 
900 |a Финансовый анализ 
942 |c BK 
951 |b 080105  |b 080109 
959 |a 70/20071010  |d 1  |e 150,00  |f ЧЗГЛ:1